00656nam a2200193 a 450000100100000000500170001000800410002702000150006804000250008308200150010810000260012324500460014926000370019530000350023250000350026750400300030295201130033299900170044500004270320201002040332.0140205s1995 sp ac 000 0 spa d a848068030X aDO-SdBNPbspacBNPHU axxxbP688R1 aKelsey, Robert97001410aBrad Pitt /cRobert Kelsey; Mikel Turner. aMadrid :bNuer Ediciones,c1995. a96 p. :bil., retrs. ;c24 cm. aAutor en portada: Mikel Turner aBibliografía : p. 90-96 001050718MOaGRbGRcCTd2014-02-05iLF1l0oxxx P688Rp42703-10r2020-06-25w2020-06-25y1ZNo se presta c42192d42192